01178nab a22002537a 4500003000400000005001700004008004100021040000700062245012100069260004200190300001100232500002900243505026500272505008900537650002000626650003300646650002700679650001300706650002800719650002400747650001300771650002400784773011600808OSt20250407095428.0190506c xxu||||| |||| 00| 0 spa d cPJ13aAmbiente, cerebro, IA : bun trinomio no sustentable. Enfermedades y riesgos del ciber trabajador /cViviana Díaz. aBuenos Aires :bAbeledoPerrot,c2025. ap. 3-8 aTR LALEY AR/DOC/81/2025. aSumario: I. Introducción.— II. ¿Cuál es la relación entre la contaminación aérea y las enfermedades neurodegenerativas?— III. ¿La tecnología es adictiva? ¿La inteligencia artificial contamina? Luces y sombras.— IV. Riesgos del cyberworker. t¿Te interesa el texto completo? Comunicate al correo: koha@justierradelfuego.gov.ar 0aDERECHO LABORAL 0aTECNOLOGIA DE LA INFORMACION 0aCIENCIA Y TECNOLOGÍA 0aPANDEMIA 0aINTELIGENCIA ARTIFICIAL 0aDERECHO INFORMATICO 0aINTERNET 0aCONTRATO DE TRABAJO0 02751dBuenos Aires : AbeledoPerrot, 2013-tRevista de derecho laboral y seguridad social. Nº 3 - Febrero 2025